000 00315nam a22001337a 4500
020 _a978-1-292-43732-3
082 _a658.15
100 _aBrooks, Raymond M.
245 _aFinancial Management:
_bCore Concepts
250 _a4th
260 _a Harlow:
_bPearson,
_c2023
300 _a690p.: ill.; 28cm
942 _cBK
999 _c22181
_d22181